Nezaměstnanost jako sociální problém

Gespeichert in:
Bibliographische Detailangaben
1. Verfasser: Mareš, Petr
Format: Buch
Sprache:Tschechisch
Veröffentlicht: Praha Sociologické nakladatelství 2002
Ausgabe:3. vyd. upr.
Schriftenreihe:Studijní texty 6. svazek
Schlagworte:
Tags: Tag hinzufügen
Keine Tags, Fügen Sie das erste Tag hinzu!

MARC

LEADER 00000nam a2200000 4500
001 c140527
005 20221124092550.4
020 |a 80-86429-08-3 
041 0 |a cze 
044 |a CZ 
245 1 0 |a Nezaměstnanost jako sociální problém  |c Petr Mareš 
250 |a 3. vyd. upr. 
264 1 |a Praha  |b Sociologické nakladatelství  |c 2002 
300 |a 172 s. 
490 1 |a Studijní texty  |v 6. svazek 
830 0 |a Studijní texty  |v 6. svazek 
610 2 0 |a nezamestnanosť 
610 2 0 |a problémy spoločenské 
610 2 0 |a potreby sociálne 
610 2 0 |a teórie sociologické 
610 2 0 |a keynesizmus 
610 2 0 |a paradigma 
610 2 0 |a trh práce 
610 2 0 |a segmentácia trhu 
610 2 0 |a sily pracovné 
610 2 0 |a úroveň životná 
610 2 0 |a zdravie 
610 2 0 |a regulácia trhu 
610 2 0 |a sprostredkovanie práce 
610 2 0 |a rekvalifikácia 
610 2 0 |a štát sociálny 
610 2 0 |a rast hospodársky 
610 2 0 |a čas voľný 
100 1 |a Mareš, Petr